000 00547nam a2200169 4500
999 _c4686
_d4686
008 160919b xxu||||| |||| 00| 0 eng d
022 _a2094-8042
082 _aDPer 370.105 M72 Jan-Dec 2012 v. 60-61
100 _914929
_aOrtal, Jhon Rey D.
243 _aThe modern teacher
245 _aEducation for the war on drugs/
_cJhon Rey D. Ortal.
260 _aPhilippines:
_bIn the Grade School, Inc.,
_c©2012.
300 _av61 n6, pages 225-226;
_c28 cm.
500 _aThe Modern Teacher.
650 0 _914930
_aEducation
942 _2ddc
_cPER